000
00291nam a22001337a 4500
008
170921b xxu||||| |||| 00| 0 eng d
020
_a
2900393978796
041
_a
eng
080
_a
78
100
_a
45
101
_a
MUZ
245
_a
THE ENJOYMENT OF MUSIC
_c
MACHLIS, J
942
_2
udc
_c
BK
999
_c
28719
_d
28719